Holy, holy, holy (Record no. 18501)
[ view plain ]
| 000 -LEADER | |
|---|---|
| fixed length control field | 01120nam a2200289Ia 4500 |
| 100 1# - MAIN ENTRY--AUTHOR NAME | |
| Personal name | Williamson, H. G. M. |
| 245 10 - TITLE STATEMENT | |
| Title | Holy, holy, holy |
| 260 ## - PUBLICATION, DISTRIBUTION, ETC. (IMPRINT) | |
| Place of publication | Berlin : |
| Name of publisher | W. de Gruyter, |
| Year of publication | 2008. |
| 300 ## - PHYSICAL DESCRIPTION | |
| Number of Pages | 36 p. |
| 490 1# - SERIES STATEMENT | |
| Series statement | Julius-Wellhausen-Vorlesung |
| 650 #0 - SUBJECT ADDED ENTRY--TOPICAL TERM | |
| Topical Term | Trinity. |
| Topical Term | Theology, Doctrinal. |
| 856 40 - ELECTRONIC LOCATION AND ACCESS | |
| Uniform Resource Identifier | http://site.ebrary.com/lib/rucke/Doc?id=10282653 |
No items available.
